[Event "EU-ch U08 27th"]
[Site "Mamaia"]
[Date "2017.09.06"]
[Round "2"]
[White "Ilin, Radu Stefan"]
[Black "Suleymanli, Ismayil"]
[Result "0-1"]
[WhiteElo "1191"]
[BlackElo "1483"]
[PlyCount "62"]
[EventDate "2017.09.05"]
[EventType "swiss"]
[EventRounds "9"]
[EventCountry "ROU"]
[SourceTitle "CBM 180 Extra"]
[Source "ChessBase"]
[SourceDate "2017.10.06"]
[SourceVersion "1"]
[SourceVersionDate "2017.10.06"]
[SourceQuality "1"]

1. d4 d5 2. Nf3 Nf6 3. e3 e6 4. Bd3 c5 5. b3 Nc6 6. Bb2 Be7 7. Nbd2 b6 8. Ne5 Nxe5 9. dxe5 Nd7 10. 0-0 Qc7 11. Qg4 0-0 12. f4 f5 13. exf6 Nxf6 14. Qh3 h6 15. Rf3 e5 16. Bxe5 Bxh3 17. Bxc7 Bd7 18. Be5 Bc6 19. Rff1 Ng4 20. Bb2 Nxe3 21. Rfe1 d4 22. g3 Bf6 23. Nc4 Rad8 24. Nxe3 dxe3 25. Bxf6 Rxf6 26. Rxe3 Kf8 27. Rae1 Rf7 28. Bc4 Rfd7 29. Bd3 a5 30. a4 Rc7 31. R1e2 Rcd7 0-1

[Event "ROM-ch U08"]
[Site "Baile Felix"]
[Date "2017.02.06"]
[Round "6"]
[White "Ilin, Radu Stefan"]
[Black "Onica, Victor Dominic"]
[Result "1-0"]
[WhiteElo "1233"]
[BlackElo "1410"]
[PlyCount "109"]
[EventDate "2017.02.02"]
[EventType "swiss"]
[EventRounds "9"]
[EventCountry "ROU"]
[SourceTitle "CBM 176 Extra"]
[Source "ChessBase"]
[SourceDate "2017.03.02"]
[SourceVersion "1"]
[SourceVersionDate "2017.03.02"]
[SourceQuality "1"]

1. d4 d5 2. c4 e6 3. Nc3 Nf6 4. Bg5 Be7 5. e3 0-0 6. Nf3 h6 7. Bh4 Nbd7 8. cxd5 exd5 9. Bd3 b6 10. 0-0 Bb7 11. Qe2 a5 12. Rfc1 Rc8 13. Ba6 Bxa6 14. Qxa6 c5 15. Qe2 c4 16. a4 Re8 17. Bxf6 Nxf6 18. Ne5 Bd6 19. Nf3 Rc7 20. Re1 Re6 21. Nb5 Rce7 22. Nxd6 Qxd6 23. h3 Qc7 24. Qc2 b5 25. Ne5 Qc8 26. Rab1 b4 27. Kf1 Qa8 28. Nf3 b3 29. Qc3 Rc7 30. Kg1 Ne4 31. Qc1 c3 32. bxc3 Rxc3 33. Qb2 Rb6 34. Rbc1 Rxc1 35. Rxc1 Nd6 36. Nd2 Qd8 37. Rc3 Ne4 38. Rxb3 Rxb3 39. Qxb3 Kh8 40. Nxe4 dxe4 41. Qb5 g5 42. Qc6 Qe7 43. Qxh6+ Kg8 44. g3 f6 45. Qg6+ Qg7 46. Qxg7+ Kxg7 47. Kh1 Kf7 48. h4 gxh4 49. gxh4 f5 50. Kg2 Kf6 51. Kg3 Kf7 52. Kf4 Ke6 53. h5 Kf6 54. d5 Kf7 55. Kxf5 1-0

[Event "ROM-ch U08"]
[Site "Baile Felix"]
[Date "2017.02.02"]
[Round "1"]
[White "Dragos, Tudor"]
[Black "Ilin, Radu Stefan"]
[Result "0-1"]
[WhiteElo "1034"]
[BlackElo "1233"]
[PlyCount "96"]
[EventDate "2017.02.02"]
[EventType "swiss"]
[EventRounds "9"]
[EventCountry "ROU"]
[SourceTitle "CBM 176 Extra"]
[Source "ChessBase"]
[SourceDate "2017.03.02"]
[SourceVersion "1"]
[SourceVersionDate "2017.03.02"]
[SourceQuality "1"]

1. e4 c6 2. d4 d5 3. Nc3 dxe4 4. Nxe4 Bf5 5. Ng3 Bg6 6. Nf3 e6 7. h4 h6 8. h5 Bh7 9. Bd3 Bxd3 10. Qxd3 c5 11. Bf4 Qa5+ 12. Bd2 Qb6 13. 0-0-0 Nc6 14. Bc3 0-0-0 15. Qe3 cxd4 16. Nxd4 Bc5 17. Rd2 Nxd4 18. Qe5 f6 19. Qe1 e5 20. Re2 Nxe2+ 21. Nxe2 Bxf2 22. Ba5 Qe3+ 23. Bd2 Bxe1 24. Bxe3 Bb4 25. Bxa7 Bd2+ 26. Kb1 Bg5 27. Bb6 Rd2 28. Ng3 Rxg2 29. Rd1 Ne7 30. Ne4 Nc6 31. Nd6+ Kb8 32. Nf7 Rg8 33. Nd6 Rd2 34. Rxd2 Bxd2 35. a3 g5 36. hxg6 Rxg6 37. Ne4 Ba5 38. Be3 f5 39. Nf2 f4 40. Bc1 Bb6 41. Ne4 Be3 42. Bd2 Bxd2 43. Nxd2 Nd4 44. Ne4 f3 45. Kc1 Rg2 46. Kd1 Re2 47. Nd2 f2 48. c3 Re1# 0-1